Safest countries of the world - Statistics

General Stats
  • This quiz has been taken 826 times
  • The average score is 7 of 10
Answer Stats
Rank Country % Correct
9 Norway
87%
7 Finland
83%
4 Denmark
82%
8 Canada
81%
1 Iceland
80%
2 New Zealand
71%
3 Japan
67%
6 Austria
55%
10 Slovenia
24%
5 Czech Republic
22%
No matching quizzes found
Score Distribution
Percent of People with Each Score
Percentile by Number Answered
Your Score History
You have not taken this quiz